Estudios sociológicos /

Este libro contiene ensayos sociológicos. Contenido: La teoría de la reproducción social como una teoría del cambio: una evaluación crítica del concepto de "contradicción interna" (J.C. Passeron); La reproducción social (C. Meillassoux); Femenino y la reproducción de la clase obrera en Puerto Rico (...

Full description

Saved in:
Bibliographic Details
Format: Book
Language:Español
Published: México : El Colegio de México, 1983
Subjects:
Tags: Add Tag
No Tags, Be the first to tag this record!

MARC

LEADER 00000nam^a2200000^a^4500
001 000001881
005 20250521000000.0
009 20260310083124.743
037 |a Acervo ITESO - Biblioteca 
041 |a ESP 
082 |a 301. 01  |b EST 
245 1 0 |a Estudios sociológicos /  |c Present. de Lourdes Arizpe. 
264 1 |a México :  |b El Colegio de México,  |c 1983 
300 |a 646 p. 
336 |a texto  |b txt  |2 rdacontenido 
337 |a sin mediación  |b n  |2 rdamedio 
338 |a volumen  |b nc  |2 rdasoporte 
520 |a Este libro contiene ensayos sociológicos. Contenido: La teoría de la reproducción social como una teoría del cambio: una evaluación crítica del concepto de "contradicción interna" (J.C. Passeron); La reproducción social (C. Meillassoux); Femenino y la reproducción de la clase obrera en Puerto Rico (H. Safa); Familia y trabajo en México y Brasil (B. García, O. de Oliveira, H. Muñoz); La medición del avance científico en América Latina (J. Hodara). 
649 |a XX 
650 |a Sociología -  |x Publicaciones Periódicas 
910 |a Fondo General 
920 |a Impresos - Libros 
930 |a Colección General 
905 |a 101 
901 |a 0018810100  |b IT1  |c ACC  |i 001881  |u 20250521 
902 |a https://opac.biblio.iteso.mx/vufind/Record/000001881